| 000 | 00778cam a2200253 a 4500 | ||
|---|---|---|---|
| 001 | 19135 | ||
| 003 | BD-RjUL | ||
| 005 | 20211209000405.0 | ||
| 008 | 870806s1988 nyua b 001 0 eng | ||
| 020 |
_a0412014815 : _c$29.95 |
||
| 035 | _a(BD-RjUL)19193 | ||
| 040 |
_aDLC _cDLC _dDLC _beng |
||
| 041 | _aeng | ||
| 082 | 0 | 0 |
_a519.232 _223 _bTHP 1988 |
| 100 | 1 |
_aThompson, W. A. _q(William Alfred), _d1925- _9153196 |
|
| 245 | 1 | 0 |
_aPoint process models with applications to safety and reliability / _c W.A. Thompson |
| 260 |
_aNew York : _bChapman and Hall, _c1988. |
||
| 300 |
_axi, 146 p. : _bill. ; _c24 cm. |
||
| 500 | _aIncludes indexes. | ||
| 504 | _aBibliography: p. [135]-139. | ||
| 650 | 0 |
_aPoint processes. _9153197 |
|
| 942 |
_2ddc _cBK |
||
| 999 |
_c19135 _d19135 |
||